LEADER 00942nam0 2200265 i 450 001 SUN0035269 005 20091014120000.0 010 $a08-493-2049-6 100 $a20050408d2000 |0engc50 ba 101 $aeng 102 $aUS 105 $a|||| ||||| 200 1 $aLabview$eadvanced programming techniques$fRick Bitter, Taqui Mohiuddin, Matt Nawrocki 210 $aBoca Raton$cCRC$d2000 215 $a440 p.$d24 cm$e1 CD-ROM. 620 $aUS$dBoca Raton$3SUNL000070 700 1$aBitter$b, Rick$3SUNV029779$0150168 701 1$aMohiuddin$b, Taqui$3SUNV029780$0727778 701 1$aNawrocki$b, Matt$3SUNV029781$0150170 712 $aCRC$3SUNV000167$4650 801 $aIT$bSOL$c20201221$gRICA 912 $aSUN0035269 950 $aUFFICIO DI BIBLIOTECA DEL DIPARTIMENTO DI INGEGNERIA$d05CONS B II 335 $e05 4164 20050408 996 $aLabview$91422656 997 $aUNICAMPANIA LEADER 01400nam a2200337 i 4500 001 991001133509707536 005 20020507183855.0 008 940901s1977 it ||| | ita 035 $ab10805515-39ule_inst 035 $aLE01307580$9ExL 040 $aDip.to Matematica$beng 082 0 $a532 084 $aAMS 73B 084 $aAMS 76-06 084 $aAMS 76-XX 084 $aAMS 76E 100 1 $aCercignani, Carlo$017698 245 10$aMeccanica dei fluidi del gruppo nazionale per la fisica matematica :$briunione della sezione n. 2 :$b(Napoli 25/26 ottobre 1976) /$crelazioni raccolte da C. Cercignani 260 $aRozzano, Milano :$bLit. D. Cislaghi,$c1977 300 $a119 p. ;$c24 cm. 490 0 $aQuaderno dei gruppi di ricerca matematica del Consiglio Nazionale delle Ricerche 500 $aLavoro eseguito nell'ambito del Gruppo nazionale per la fisica matematica del Consiglio Nazionale delle Ricerche 650 4$aContinuum mechanics 650 4$aFluid mechanics 650 4$aHydrodynamic stability 907 $a.b10805515$b13-06-22$c28-06-02 912 $a991001133509707536 945 $aLE013 76-XX CER11 (1977)$g1$i2013000007175$lle013$o-$pE0.00$q-$rl$s- $t0$u0$v0$w0$x0$y.i10910086$z28-06-02 996 $aMeccanica dei fluidi del gruppo nazionale per la fisica matematica$9925801 997 $aUNISALENTO 998 $ale013$b01-01-94$cm$da $e-$fita$git $h0$i1